Bairros de Carapicuíba - Statistics

Estatísticas Gerais
  • Esse quiz foi jogado 5 vezes
    3 desde o último reset
  • A pontuação média é 30 de 52
Estatísticas das Respostas
Bairro % Correto
Altos de Santa Lúcia
100%
Centro
100%
Cidade Ariston Estela Azevedo
100%
Jardim Ana Estela
100%
Jardim Angelica
100%
Parque Florida
100%
Parque Jandaia
100%
Parque Santa Tereza
100%
Roseira Parque
100%
Santa Terezinha
100%
Vila Cretti
100%
Vila Dirce
100%
Vila Gustavo Correia
100%
Vila Marcondes
100%
Vila Menck
100%
Vila Santa Terezinha
100%
Aldeia de Carapicuíba
67%
Conjunto Habitacional Presidente Castelo Branco (1, 2 e 5)
67%
Fazendinha/Granja Viana
67%
Jardim Guapiúva
67%
Jardim Popular
67%
Jardim Tonato
67%
Jardim Veloso
67%
Planalto
67%
Recanto Campy
67%
Vila Capriotti
67%
Vila Helena
67%
Vila Municipal
67%
Vila São Jorge
67%
Vila Silviânia
67%
Vila Sul Americana
67%
Jardim Cibele
33%
Jardim Leopoldina
33%
Jardim Marilu
33%
Jardim Santa Brígida
33%
Jardim Santa Rita
33%
Jardim São Daniel
33%
Novo Horizonte
33%
Parque Sampaio Viana
33%
Vila Caldas
33%
Vila Isa
33%
Vila Leopoldina
33%
Vila Lourdes
33%
Vila Mercês
33%
Jardim Ângela Maria
0%
Jardim Bom Pastor
0%
Jardim das Belezas
0%
Jardim Leonor
0%
Jardim Maria Beatriz
0%
Jardim Santo Estevão
0%
Parque José Alexandre
0%
Vila Cristina
0%
Nenhum quiz correspondente encontrado
Distribuição das Pontuações
Porcentagem de Pessoas com Cada Pontuação
Percentil de Números Respondidos
Sua Pontuação Histórica
Você não jogou esse quiz desde o último reset